| 000 | 00524nam a2200157 i 4500 | ||
|---|---|---|---|
| 001 | 28968 | ||
| 003 | ES-MaACL | ||
| 007 | t| | ||
| 008 | 030120s1982 sp ||||1| spa d | ||
| 110 | 2 |
_aBanco de España _92104 |
|
| 245 | 1 | 0 |
_aExposición conmemorativa de la Fundación del Banco de San Carlos _b: dos siglos de historia, 1782-1982 / _cBanco de España. |
| 260 |
_aMadrid : _bBanco de España, _c1982. |
||
| 300 |
_a254 p., 20 lám ; _c30 cm. |
||
| 852 |
_aES-MaACL _jL-4515 _bR.105282 |
||
| 999 |
_c28968 _d28968 |
||